03855naa a2200217 a 450000100080000000500110000800800410001910000210006024501330008126000090021452031060022365300260332965300190335565300260337465300180340070000170341870000210343570000200345670000140347677301470349011302682020-11-24 2020 bl uuuu u00u1 u #d1 aKVITSCHAL, M. V. aPER??ODO DE FLORA????O E COMPATIBILIDADE DE ALELOS S COM A MACIEIRA ?MONALISA? NO MEIO-OESTE CATARINENSE.h[electronic resource] c2020 aA macieira (Malus domestica Borkh.) ?? uma esp??cie al??gama obrigat??ria que exige a presen??a de plantas polinizadoras no pomar para garantir produ????o de frutos. Mesmo possuindo flores hermafroditas, a macieira possui mecanismo de autoincompatibilidade gametof??tica, no qual os gr??os de p??len que possuem alelo S comum aos alelos S da planta receptora de p??len n??o formam o tubo pol??nico, impedindo a fertiliza????o dos ??vulos e, por sua vez, a forma????o de frutos. Por esse motivo, a cultivar polinizadora em um pomar de macieira deve ser geneticamente compat??vel al??m de apresentar coincid??ncia de per??odo de flora????o com a cultivar produtora. O cultivar SCS417 Monalisa, embora apresente diversas vantagens agron??micas e alta qualidade de frutos, possui baixa frutifica????o efetiva e, por isso, exige alta press??o de poliniza????o. O objetivo desse trabalho foi avaliar a coincid??ncia de per??odo de flora????o, bem como a compatibilidade gen??tica de diversas cultivares comerciais de macieira aptas a garantir altas press??es de poliniza????o em pomares de ?Monalisa?, sem comprometer ??rea produtiva do pomar com plantas polinizadoras sem valor comercial. O trabalho foi conduzido em Ca??ador, nas depend??ncias da Epagri / Esta????o Experimental de Ca??ador, em pomar formado pelos cultivares Monalisa, Luiza, Venice, Elenise, Daiane e a sele????o avan??ada M.10/09. O pomar foi plantado em 2012, o porta-enxerto utilizado foi o M.9, no sistema de plantio em l??der central tutorado com densidade de 2.500 plantas ha-1. De 2015/2016 at?? 2019/2020, foram realizadas avalia????es anuais da fenologia da brota????o e da flora????o das cultivares. Tamb??m foi realizada a genotipagem dos alelos S via marcadores moleculares com intuito de determinar a compatibilidade gen??tica de cada um dos cultivares com a ?Monalisa?. Todos os cultivares avaliados evidenciaram compatibilidade plena (Luiza: S5S9; Venice: S3S9; Elenise: S3S23; Daiane: S3S5;M.10/09: S5S23) com a ?Monalisa? (S2 S10) sendo, portanto, geneticamente capazes de fecundar as suas flores. As safras de 2015/2016 e 2016/2017 foram as que apresentaram maior variabilidade nos est??dios fenol??gicos entre os diferentes cultivares, tanto em fun????o dos efeitos clim??ticos quanto por se tratarem de plantas novas cujo pomar ainda estava em forma????o. A ?Monalisa? sempre apresentou in??cio e plena flora????o mais precoce (ao menos 2 a 5 dias, em m??dia). Contudo, o cultivar Luiza e a sele????o M.10/09 apresentaram coincid??ncia de per??odo de flora????o apropriado ?? ?Monalisa?, tanto no in??cio quanto em est??dio de plena flora????o. O cultivar Daiane sempre floresceu mais tardiamente, n??o conferindo uma boa condi????o de poliniza????o ?? ?Monalisa?. Pelas vantagens agron??micas e a alta qualidade de frutas, o cultivar Luiza e a sele????o M.10/09 s??o polinizadoras interessantes para o cv. Monalisa, podendo ser utilizadas em esquemas de filas alternadas no pomar. Dessa maneira, pode-se garantir ampla distribui????o de p??len e, portanto, alta press??o de poliniza????o para a ?Monalisa?. Pequenos aautoincompatibilidade afertiliza????o aMalus domestica Borkh apoliniza????o1 aPETRI, J. L.1 aHAWERROTH, M. C.1 aBRANCHER, T. L.1 aCOUTO, M. tIn: SEMIN??RIO NACIONAL SOBRE FRUTICULTURA DE CLIMA TEMPERADO, 14., 2020, S??o Joaquim, SC. Resumos... Florian??polis, SC: Epagri, 2020. p. 75